Strach a učení
| Main Author: | |
|---|---|
| Other Authors: | , , |
| Format: | Book |
| Language: | Czech |
| PhysicalDescription: | 190 strán fotografie, ilustrácie, schémy 24 cm |
| Published: |
Praha
Grada
2024
|
| ISBN: | 9788027150601 9788027172269 9788027172252 |
| Edition: | Vydání 1. |
| Series: | Psyché (Grada)
|
| Subjects: |
MARC
| LEADER | 00000cam a2200000 4500 | ||
|---|---|---|---|
| 001 | vtls012254019 | ||
| 003 | SK-MaSNL | ||
| 005 | 20260301014507.0 | ||
| 008 | 240404s2024 xr aol ernf 010 0 cze | ||
| 020 | |a 9788027150601 |q (brožované) | ||
| 020 | |a 9788027172269 |q (ePub) | ||
| 020 | |a 9788027172252 |q (pdf) | ||
| 040 | |a SNK |b slo |c SNK |e rda | ||
| 041 | 0 | |a cze |b eng | |
| 044 | |a xr |c CZ | ||
| 072 | 7 | |a 159.93/.94 |x Senzorické a motorické funkcie. Emócie. Vôľa |2 konspekt | |
| 080 | |a 159.953.5 |2 2011 | ||
| 080 | |a 159.942 |2 2011 | ||
| 080 | |a 159.947.5:159.944 |2 2011 | ||
| 080 | |a 371:17.024.4 |2 2011 | ||
| 080 | |a (048.8) |2 2011 | ||
| 100 | 1 | |a Kubíková, Kateřina |4 aut |9 218541 | |
| 245 | 1 | 0 | |a Strach a učení |c Kateřina Kubíková |
| 250 | |a Vydání 1. | ||
| 264 | 1 | |a Praha |b Grada |c 2024 | |
| 300 | |a 190 strán |b fotografie, ilustrácie, schémy |c 24 cm | ||
| 336 | |a text |b txt |2 rdacontent | ||
| 337 | |a bez média |b n |2 rdamedia | ||
| 338 | |a zväzok |b nc |2 rdacarrier | ||
| 490 | 1 | |a Psyché | |
| 500 | |a Obsahuje zoznam obázkov a tabuliek | ||
| 504 | |a Obsahuje bibliografiu na strane 161-190 | ||
| 546 | |a Anglické resumé | ||
| 650 | 0 | 7 | |a učenie |2 SNKPH |9 3884 |
| 650 | 0 | 7 | |a emócie |2 SNKPH |9 4049 |
| 650 | 0 | 7 | |a strach |2 SNKPH |9 16907 |
| 650 | 0 | 7 | |a výkonová motivácia |2 SNKPH |9 67891 |
| 650 | 0 | 7 | |a školská úspešnosť |2 SNKPH |9 70890 |
| 650 | 0 | 7 | |a Learning |2 SNKPHeng |9 302872 |
| 650 | 0 | 7 | |a Emotions |2 SNKPHeng |9 302873 |
| 650 | 0 | 7 | |a Fear |2 SNKPHeng |9 302874 |
| 650 | 0 | 7 | |a Achievement motivation |2 SNKPHeng |9 302875 |
| 650 | 0 | 7 | |a School success |2 SNKPHeng |9 302876 |
| 655 | 7 | |a monografie |2 SNKPH |9 70139 | |
| 655 | 7 | |a Monographs |2 SNKPHeng |9 120675 | |
| 700 | 1 | |a Slavík, Jan, |d 1953- |4 rev |9 123853 | |
| 700 | 1 | |a Sotáková, Hana |4 rev |9 302877 | |
| 700 | 1 | |a Šístek, Jan |4 bkd |9 302878 | |
| 700 | 1 | |a Plicka, Antonín, |d 1972- |4 bjd |9 263202 | |
| 830 | 0 | |a Psyché (Grada) |9 302879 | |
| 852 | |a Slovenská národná knižnica | ||
| 919 | |a 978-80-271-5060-1 | ||
| 919 | |a 978-80-271-7226-9 | ||
| 919 | |a 978-80-271-7225-2 | ||
| 954 | |a odborná, vedecká literatúra cudzojazyčná (svetová) |2 lita | ||
| 958 | |a NB | ||
| 958 | |a CZ | ||
| 999 | |c 558656 |d 560586 | ||
| 952 | |t snkKUB 159.942 |a SNKUST |b SNKUST |y PREZ |7 0 |p 17A1574920 |o snkIC 147934 |i snk2025/9494 |8 4 |g 9.67 |0 0 |1 0 |4 0 |d 2024-07-29 |l 0 |r 2026-02-23 13:33:22 |w 2026-02-23 | ||


